<?xml version="1.0" encoding="UTF-8"?><marc:collection xmlns:marc="http://www.loc.gov/MARC21/slim">
  <marc:record>
    <marc:leader>00000cem  2200000za 4500</marc:leader>
    <marc:controlfield tag="001">9.806212</marc:controlfield>
    <marc:controlfield tag="003">CaOODSP</marc:controlfield>
    <marc:controlfield tag="005">20260409115202</marc:controlfield>
    <marc:controlfield tag="006">m    go  c f      </marc:controlfield>
    <marc:controlfield tag="007">cr |||||||||||</marc:controlfield>
    <marc:controlfield tag="008">170207s2016    onca   bd a  fo 0   eng d</marc:controlfield>
    <marc:datafield tag="020" ind1=" " ind2=" ">
      <marc:subfield code="a">978-0-660-03853-7</marc:subfield>
    </marc:datafield>
    <marc:datafield tag="040" ind1=" " ind2=" ">
      <marc:subfield code="a">CaOODSP</marc:subfield>
      <marc:subfield code="b">eng</marc:subfield>
    </marc:datafield>
    <marc:datafield tag="041" ind1=" " ind2=" ">
      <marc:subfield code="a">eng</marc:subfield>
      <marc:subfield code="b">fre</marc:subfield>
    </marc:datafield>
    <marc:datafield tag="043" ind1=" " ind2=" ">
      <marc:subfield code="a">n-cn-nu</marc:subfield>
    </marc:datafield>
    <marc:datafield tag="086" ind1="1" ind2=" ">
      <marc:subfield code="a">M183-1/267-2015E-PDF</marc:subfield>
    </marc:datafield>
    <marc:datafield tag="100" ind1="1" ind2=" ">
      <marc:subfield code="a">Steenkamp, H. M.</marc:subfield>
    </marc:datafield>
    <marc:datafield tag="245" ind1="1" ind2="0">
      <marc:subfield code="a">Geology, Beekman Peninsula (south), Baffin Island, Nunavut, NTS 25-P (south) and NTS 15-M (part) </marc:subfield>
      <marc:subfield code="h">[electronic resource] / </marc:subfield>
      <marc:subfield code="c">[authors, H.M. Steenkamp, C. Gilbert, and M.R. St-Onge].</marc:subfield>
    </marc:datafield>
    <marc:datafield tag="250" ind1=" " ind2=" ">
      <marc:subfield code="a">Preliminary version</marc:subfield>
    </marc:datafield>
    <marc:datafield tag="255" ind1=" " ind2=" ">
      <marc:subfield code="a">Scale 1:100 000 ; </marc:subfield>
      <marc:subfield code="b">Universal Transverse Mercator, zone 20 </marc:subfield>
      <marc:subfield code="c">(W 66°00’--W 63°52'/N 63°30'--N 63°00’)</marc:subfield>
    </marc:datafield>
    <marc:datafield tag="260" ind1=" " ind2=" ">
      <marc:subfield code="a">[Ottawa] : </marc:subfield>
      <marc:subfield code="b">Natural Resources Canada, </marc:subfield>
      <marc:subfield code="c">c2016.</marc:subfield>
    </marc:datafield>
    <marc:datafield tag="300" ind1=" " ind2=" ">
      <marc:subfield code="a">1 map : </marc:subfield>
      <marc:subfield code="b">col. + </marc:subfield>
      <marc:subfield code="e">1 map information document ([23] p.).</marc:subfield>
    </marc:datafield>
    <marc:datafield tag="490" ind1="1" ind2=" ">
      <marc:subfield code="a">Canadian geoscience map ; </marc:subfield>
      <marc:subfield code="v">267</marc:subfield>
    </marc:datafield>
    <marc:datafield tag="490" ind1="0" ind2=" ">
      <marc:subfield code="a">Canada-Nunavut Science Office, open file map ; </marc:subfield>
      <marc:subfield code="v">2016-04</marc:subfield>
    </marc:datafield>
    <marc:datafield tag="500" ind1=" " ind2=" ">
      <marc:subfield code="a">Relief shown by contours.</marc:subfield>
    </marc:datafield>
    <marc:datafield tag="500" ind1=" " ind2=" ">
      <marc:subfield code="a">This record only includes the map and the “Map information document” in PDF, the complete data set with all the files in various formats is available for free download at http://geoscan.nrcan.gc.ca/</marc:subfield>
    </marc:datafield>
    <marc:datafield tag="504" ind1=" " ind2=" ">
      <marc:subfield code="a">Includes bibliographical references.</marc:subfield>
    </marc:datafield>
    <marc:datafield tag="520" ind1="3" ind2=" ">
      <marc:subfield code="a">"The Hall Peninsula Integrated Geoscience Program was led by the Canada-Nunavut Geoscience Office, and was designed to increase geoscience knowledge and assess the economic potential of the area. Eastern Hall Peninsula is mostly underlain by Archean tonalite to quartz-diorite orthogneiss, while Paleoproterozoic supracrustal and intrusive rocks are exposed to the west. The supracrustal rocks comprise pelitic, psammitic, amphibolite and calc-silicate units, are interpreted as correlative with the Lake Harbour Group, and are cut by granulite-grade monzogranite to diorite intrusions. Hall Peninsula records 3 phases of deformation associated with the Trans-Hudson Orogen that have produced thick-skinned, east-verging fold and thrust structures and amphibolite- to granulite-facies mineral assemblages. Hall Peninsula hosts a highly prospective kimberlite field, as well as mafic, ultramafic, and carbonate rocks that may contain metal, semi-precious gemstone and carving stone resource potential"--Abstract.</marc:subfield>
    </marc:datafield>
    <marc:datafield tag="546" ind1=" " ind2=" ">
      <marc:subfield code="a">Includes abstract in French.</marc:subfield>
    </marc:datafield>
    <marc:datafield tag="692" ind1="0" ind2="7">
      <marc:subfield code="2">gccst</marc:subfield>
      <marc:subfield code="a">Geological maps</marc:subfield>
    </marc:datafield>
    <marc:datafield tag="692" ind1="0" ind2="7">
      <marc:subfield code="2">gccst</marc:subfield>
      <marc:subfield code="a">Stratigraphy</marc:subfield>
    </marc:datafield>
    <marc:datafield tag="692" ind1="0" ind2="7">
      <marc:subfield code="2">gccst</marc:subfield>
      <marc:subfield code="a">Structural geology</marc:subfield>
    </marc:datafield>
    <marc:datafield tag="700" ind1="1" ind2=" ">
      <marc:subfield code="a">Gilbert, C. </marc:subfield>
      <marc:subfield code="q">(Celine)</marc:subfield>
    </marc:datafield>
    <marc:datafield tag="700" ind1="1" ind2=" ">
      <marc:subfield code="a">St-Onge, M. R.</marc:subfield>
    </marc:datafield>
    <marc:datafield tag="710" ind1="1" ind2=" ">
      <marc:subfield code="a">Canada. </marc:subfield>
      <marc:subfield code="b">Natural Resources Canada.</marc:subfield>
    </marc:datafield>
    <marc:datafield tag="710" ind1="2" ind2=" ">
      <marc:subfield code="a">Geological Survey of Canada.</marc:subfield>
    </marc:datafield>
    <marc:datafield tag="830" ind1="#" ind2="0">
      <marc:subfield code="a">Canadian geoscience map ;</marc:subfield>
      <marc:subfield code="v">267.</marc:subfield>
      <marc:subfield code="w">(CaOODSP)9.506260</marc:subfield>
    </marc:datafield>
    <marc:datafield tag="856" ind1="4" ind2="0">
      <marc:subfield code="q">PDF</marc:subfield>
      <marc:subfield code="s">195.17 MB</marc:subfield>
      <marc:subfield code="u">https://publications.gc.ca/collections/collection_2017/rncan-nrcan/M183-1-267-2015-eng.pdf</marc:subfield>
      <marc:subfield code="z">Map</marc:subfield>
    </marc:datafield>
    <marc:datafield tag="856" ind1="4" ind2="0">
      <marc:subfield code="q">PDF</marc:subfield>
      <marc:subfield code="s">2.59 MB</marc:subfield>
      <marc:subfield code="u">https://publications.gc.ca/collections/collection_2017/rncan-nrcan/M183-1-267-2015-1-eng.pdf</marc:subfield>
      <marc:subfield code="z">Map information document</marc:subfield>
    </marc:datafield>
    <marc:datafield tag="856" ind1="4" ind2="0">
      <marc:subfield code="q">HTML</marc:subfield>
      <marc:subfield code="s">N/A</marc:subfield>
      <marc:subfield code="u">https://doi.org/10.4095/297351</marc:subfield>
      <marc:subfield code="z">GEOSCAN DOI</marc:subfield>
    </marc:datafield>
    <marc:datafield tag="986" ind1=" " ind2=" ">
      <marc:subfield code="a">297351</marc:subfield>
    </marc:datafield>
  </marc:record>
</marc:collection>
